| 000 | 01242nam a2200361 c 4500 | ||
|---|---|---|---|
| 999 |
_c29178 _d29178 |
||
| 003 | BLK | ||
| 005 | 20250308134736.0 | ||
| 008 | 180407b bul|||||r ||||||| ||bul|| | ||
| 010 | _aKNG00031789000 | ||
| 020 | _a954-8510-42-1 | ||
| 040 | _aBLK | ||
| 041 |
_aBUL _cBUL |
||
| 080 |
_aПсихология _b159.9 _x(075.8) _z159.9(075.8) |
||
| 100 | 1 |
_aМинчев, Борис Симеонов _eпърви автор _9270139 |
|
| 139 |
_aМинчев, Борис Симеонов _bМ 67 |
||
| 245 | 1 | 0 |
_aПроблеми на общата психология _cБорис Симеонов Минчев. |
| 257 | _aBGR | ||
| 260 |
_bВеда Словена-Ж.Г. _c2004 _fСофия : Ango boy |
||
| 300 |
_a300 с. _bс табл., сх. _c24 см |
||
| 380 | _a1 | ||
| 500 | _aБиблиогр. с. 285-293 ; Именен поазалец на цитираните авт. | ||
| 504 | _a285-293 | ||
| 650 | 4 |
_aПсихология _9168332 |
|
| 653 | _aпсихология | ||
| 653 | _aучебници за ВУЗ | ||
| 852 | _aЦб 196379 | ||
| 856 | 4 | _qpdf | |
| 856 | 4 | _qpdf | |
| 942 |
_cKNG _n0 _014 |
||
| 944 |
_aCR _c15.01.2003 _k30570 _lМоника Янева |
||
| 944 |
_aED _c23.09.2004 |
||
| 999 | _d29178 | ||